| 000 | 00782nam a22001937a 4500 | ||
|---|---|---|---|
| 005 | 20251108164241.0 | ||
| 008 | 250721s1995 xx 000 0 ara d | ||
| 082 | 1 | 4 | _a327.730564/محم |
| 100 | 1 | _aربيع، محمد عبد العزيز | |
| 245 | 1 | 0 |
_aالحوار الفلسطيني الأميركي : _bالدبلوماسية السرية و الإتصالات الفلسطينية الإسرائيلية / |
| 264 | 1 |
_aعمان : _bدار الجليل للنشر و الدراسات و الأبحاث الفلسطينية، _c1995. |
|
| 300 | _a280ص | ||
| 650 | 1 | 7 | _aالولايات المتحدة |
| 650 | 1 | 7 | _aالعلاقات الدولية |
| 650 | 1 | 7 | _aفلسطين |
| 650 | 1 | 7 | _aالسلام العربي الإسرائيلي |
| 942 |
_2ddc _cBK |
||
| 999 |
_c7446 _d7446 |
||